| 000 | 00359nab a22001097u 4500 | ||
|---|---|---|---|
| 008 | 130520b1999 xxu||||| |||| 00| 0 eng d | ||
| 041 | _aeng | ||
| 100 | 1 |
_aKärkkäinen, Veli-Matti _950515 |
|
| 245 | 0 | 4 |
_aThe Ecumenical Potential of Pneumatology _cVeli-Matti Kärkkäinen |
| 773 | 0 |
_tGregorianum _gV.80, nº1,1999,págs. 121-145 _x0017-4114 _wRev219 |
|
| 942 | _cAR | ||
| 999 |
_c303830 _d303830 |
||